PDC Order of Merit 2022 - Statystyki

Ogólne statystyki
  • Ten quiz został rozwiązany 97 razy
  • Średni wynik to 81 z 224
Statystyki odpowiedzi
Position Odpowiedź Nationality % Poprawnych
64 Jeff Smith Canada
99%
1 Michael Smith England
99%
3 Michael Van Gerwen Netherlands
99%
2 Peter Wright Scotland
99%
4 Gerwyn Price Wales
98%
151 Raymond Smith Australia
98%
17 Ross Smith England
98%
20 Krzysztof Ratajski Poland
95%
19 Gabriel Clemens Germany
93%
14 Jose De Sousa Portugal
93%
22 Gary Anderson Scotland
91%
11 Dimitri Van Den Bergh Belgium
90%
7 Jonny Clayton Wales
90%
5 Luke Humphries England
90%
16 Damon Heta Australia
89%
10 James Wade England
89%
6 Rob Cross England
89%
8 Danny Noppert Netherlands
86%
38 Simon Whitlock Australia
86%
35 Madars Razma Latvia
85%
13 Dirk Van Duijvenbode Netherlands
83%
27 Martin Schindler Germany
83%
9 Nathan Aspinall England
83%
36 Josh Rock Northern Ireland
79%
33 Mensur Suljovic Austria
79%
25 Brendan Dolan Northern Ireland
78%
26 Daryl Gurney Northern Ireland
78%
31 Kim Huybrechts Belgium
78%
32 Alan Soutar Scotland
76%
18 Dave Chisnall England
76%
110 Krzysztof Kciuk Poland
76%
96 Sebastian Bialecki Poland
76%
37 William O'Connor Republic of Ireland
74%
12 Joe Cullen England
73%
114 Radek Szaganski Poland
73%
29 Raymond Van Barneveld Netherlands
73%
52 Darius Labanauskas Lithuania
71%
51 Rowby-John Rodriguez Austria
71%
68 Karel Sedlacek Czech Republic
70%
112 Rusty-Jake Rodriguez Austria
70%
21 Chris Dobey England
68%
24 Stephen Bunting England
68%
89 Max Hopp Germany
64%
15 Ryan Searle England
63%
59 Jim Williams Wales
61%
60 Lewy Williams Wales
61%
57 Scott Williams England
61%
34 Adrian Lewis England
60%
54 Boris Krcmar Croatia
59%
30 Vincent Van Der Voort Netherlands
59%
125 Luc Peters Netherlands
58%
58 Devon Petersen South Africa
56%
62 Adam Gawlas Czech Republic
55%
23 Callan Rydz England
54%
128 Fallon Sherrock England
54%
42 Keane Barry Republic of Ireland
54%
84 Danny Baggish USA
53%
50 Florian Hempel Germany
53%
83 John Henderson Scotland
53%
98 Jose Justicia Spain
50%
41 Andrew Gilding England
49%
88 Boris Koltsov Russia
49%
28 Mervyn King England
49%
61 Steve Lennon Republic of Ireland
49%
160 Thibault Tricole France
49%
129 Lisa Ashton England
48%
47 Jermaine Wattimena Netherlands
46%
104 John Michael Greece
46%
121 Lourence Ilagan Phillipines
46%
75 Matt Campbell Canada
46%
146 Diogo Portela Brazil
45%
43 Ian White England
45%
76 Nathan Rafferty Northern Ireland
45%
124 Daniel Larsson Sweden
43%
144 Beau Greaves England
41%
106 Leonard Gates USA
41%
49 Luke Woodhouse England
41%
152 Toru Suzuki Japan
41%
71 William Borland Scotland
41%
53 Mike De Decker Belgium
40%
48 Ricky Evans England
39%
73 Danny Jansen Netherlands
38%
131 David Evans England
38%
40 Martijn Kleermaker Netherlands
38%
39 Martin Lukeman England
38%
77 Mickey Mansell Northern Ireland
38%
99 Ricardo Pietreczko Germany
38%
134 Bradley Brooks England
36%
127 Christian Perez Phillipines
36%
126 Lee Evans England
36%
55 Steve Beaton England
36%
74 Cameron Menzies Scotland
35%
80 Glen Durrant England
35%
44 Ryan Joyce England
35%
181 Vladimir Andersen Denmark
35%
86 Jeffrey De Zwaan Netherlands
34%
85 John O'Shea Republic of Ireland
34%
69 Niels Zonneveld Netherlands
34%
46 Ritchie Edhouse England
34%
153 Vladyslav Omelchenko Ukraine
34%
138 John Brown England
33%
66 Keegan Brown England
33%
145 Ben Robb New Zealand
31%
119 David Cameron Canada
31%
143 Jelle Klaasen Netherlands
31%
142 Jules Van Dongen USA
31%
45 Ryan Meikle England
30%
72 Geert Nentjes Netherlands
29%
56 Jamie Hughes England
29%
150 Prakash Jiwa India
29%
170 Stefan Bellmont Switzerland
29%
156 Darren Webster England
28%
120 Grant Sampson South Africa
28%
148 Nobuhiro Yamamoto Japan
28%
149 Paolo Nebrida Phillipines
28%
154 Xicheng Han China
28%
91 Berry Van Peer Netherlands
26%
92 Jimmy Hendriks Netherlands
26%
178 Marko Kantele Finland
26%
101 Richie Burnett Wales
26%
117 Robert Owen Wales
26%
133 Tony Martinez Spain
26%
111 Brian Raman Belgium
25%
224 Carlo Van Peer Netherlands
25%
211 Danny Lauby USA
25%
159 Dragutin Horvat Germany
25%
87 Gordon Mathers Australia
25%
221 Jacques Labre France
25%
105 Mario Vandenbogaerde Belgium
25%
65 Ron Meulenkamp Netherlands
25%
90 Scott Waites England
25%
102 Ted Evetts England
25%
67 Maik Kuivenhoven Netherlands
24%
82 Andy Boulton Scotland
23%
164 Michael Unterbuchner Germany
23%
97 Steve West England
23%
179 Vitezlav Sedlak Czech Republic
23%
93 Danny Van Trijp Netherlands
21%
103 Gian Van Veen Netherlands
21%
122 James Wilson England
21%
171 Nico Kurz Germany
21%
175 Stu Wilson England
21%
79 Adam Hunt England
20%
140 Jake Jones England
20%
63 Joe Murnan England
20%
167 Niko Springer Germany
20%
215 Wayne Jones England
20%
161 Dennis Nilsson Sweden
19%
188 Dyson Parody Gibraltar
19%
136 Zoran Lerchbacher Austria
19%
177 Craig Galliano Gibraltar
18%
132 Lukas Wenig Germany
18%
147 Mal Cuming Australia
18%
70 Scott Mitchell England
18%
130 Damian Mol Netherlands
16%
214 Janos Vegso Hungary
16%
166 Johan Engstrom Sweden
16%
191 Andy Baetens Belgium
15%
207 Dietmar Burger Austria
15%
78 Jason Lowe England
15%
176 Nathan Girvan Scotland
15%
139 Ross Montgomery Scotland
15%
141 Stephen Burton England
15%
210 Thomas Junghans Switzerland
15%
107 Connor Scutt England
14%
182 Fabian Schmutzler Germany
14%
109 Geert De Vos Belgium
14%
116 Jack Main England
14%
108 Jon Worsley Wales
14%
137 Kevin Burness Northern Ireland
14%
95 Kevin Doets Netherlands
14%
180 Patrik Gosnak Austria
14%
213 David Schlichting Germany
13%
118 George Killington England
13%
155 Nick Fullwell England
13%
199 Pal Szekely Hungary
13%
190 Sean Negrette Gibraltar
13%
123 Shaun Wilkinson England
13%
157 Kenny Neyens Belgium
11%
162 Matthew Edgar England
11%
113 Wesley Plaisier Netherlands
11%
196 Andras Borbely Hungary
10%
115 Brett Claydon England
10%
100 Eddie Lovely England
10%
135 Jamie Clark Scotland
10%
81 Jason Heaver England
10%
165 Jim McEwan Scotland
10%
158 Pete Burgoyne England
10%
94 Peter Hudson England
10%
201 Rene Eidams Germany
10%
218 Thomas Lovely England
10%
216 Christian Kist Netherlands
9%
220 Gavin Carlin Northern Ireland
9%
189 Manuel Vilerio Gibraltar
9%
205 Miloslav Navratil Czech Republic
9%
200 Arjan Konterman Netherlands
8%
187 Dylan Duo Jnr Gibraltar
8%
173 Graham Hall England
8%
217 Jurjen Van Der Velde Netherlands
8%
222 Leighton Bennett England
8%
208 Michael Rasztovits Austria
8%
169 Darren Penhall England
6%
203 Filip Sebesta Czech Republic
6%
197 Franz Roetzsch Germany
6%
202 Dennie Olde Kalter Netherlands
5%
206 Ondrej Plsek Czech Republic
5%
209 Rainer Sturm Austria
5%
194 Roberto Vandaele Belgium
5%
219 Jeremy Van Der Winkel Netherlands
4%
198 Levente Sarai Hungary
4%
193 Remo Mandiau Belgium
4%
212 Ryan Harrington England
4%
223 Steven Noster Germany
4%
185 Colin Osborne England
3%
192 Francois Schweyen Belgium
3%
195 Wouter Vanrolleghem Belgium
3%
183 Dan Read England
1%
172 David Pallett England
1%
163 Gary Blades England
1%
204 Martijn Dragt Netherlands
1%
184 Jim Moston England
0%
186 Owen Roelofs Netherlands
0%
168 Scott Marsh England
0%
174 Steve Haggerty England
0%
Nie znaleziono quizów pasujących do podanych kryteriów
Rozkład punktacji
Procent ludzi z każdym wynikiem
Percentyl według liczby udzielonych odpowiedzi
Twoja historia wyników
Nie rozwiązałeś tego quizu